000 00859nam a22002537a 4500
999 _c21269
_d21269
003 AR-CdUCM
008 190517b ||||| |||| 00| 0 spa d
020 _a1468935634568
040 _aMUNICIPALIDAD PROVINCIAL DEL CUSCO
_cBIBLIOTECA MUNICIPAL DEL CUSCO
082 _a513/O41
_bO41
_2Segunda
100 _aOlarte Estrada, Joel Grimaldo
_944435
245 _aAritmética razonada 1 /
260 _aCusco ;
_bBolaños,
_c2017.
300 _a221 Páginas. :
_c21 cm.
440 _aColección Josy
_n1
_944436
505 _aContenido: Teoría de conjuntos -- Números naturales y enteros -- Números racionales.
650 _aMatemática
_919387
650 _aAritmética
_919777
650 _aTeoría de conjuntos
_99400
650 _aNúmeros naturales y enteros
_944437
650 _aNúmeros racionales
_944438
942 _2ddc
_cLIBROS
945 _aRoel